Formuła 1 - Numery kierowców w 2025 - Statystyki

Ogólne statystyki
  • Ten quiz został rozwiązany 931 razy
    632 od ostatniego zresetowania
  • Średni wynik to 13 z 20
Statystyki odpowiedzi
Kierowca Numer % Poprawnych
Max Verstappen 1
98%
Lando Norris 4
97%
Lewis Hamilton 44
95%
Charles Leclerc 16
93%
Oscar Piastri 81
87%
George Russell 63
78%
Carlos Sainz 55
70%
Fernando Alonso 14
68%
Kimi Antonelli 12
60%
Lance Stroll 18
58%
Pierre Gasly 10
56%
Oliver Bearman 87
56%
Yuki Tsunoda 22
54%
Isack Hadjar 6
51%
Alexander Albon 23
48%
Gabriel Bortoleto 5
48%
Liam Lawson 30
46%
Esteban Ocon 31
43%
Nico Hulkenberg 27
42%
Franco Colapinto 43
38%
Nie znaleziono quizów pasujących do podanych kryteriów
Rozkład punktacji
Procent ludzi z każdym wynikiem
Percentyl według liczby udzielonych odpowiedzi
Twoja historia wyników
Nie rozwiązałeś tego quizu od ostatniego zresetowania